jeetkalp-sutra (Record no. 1401448)

MARC details
000 -LEADER
fixed length control field 00679nam a2200289Ia 4500
008 - FIXED-LENGTH DATA ELEMENTS--GENERAL INFORMATION
fixed length control field 161027s9999||||xx |||||||||||||| ||und||
040 ## - CATALOGING SOURCE
Transcribing agency Hindi
082 ## - DEWEY DECIMAL CLASSIFICATION NUMBER
Classification number X.B
082 ## - DEWEY DECIMAL CLASSIFICATION NUMBER
Item number BORI-37542
100 ## - MAIN ENTRY--PERSONAL NAME
Personal name shree jinbhadragani
245 ## - TITLE STATEMENT
Title jeetkalp-sutra
260 ## - PUBLICATION, DISTRIBUTION, ETC. (IMPRINT)
Place of publication, distribution, etc ahmedabad
260 ## - PUBLICATION, DISTRIBUTION, ETC. (IMPRINT)
Name of publisher, distributor, etc jain sahitya sanshodhak samiti
260 ## - PUBLICATION, DISTRIBUTION, ETC. (IMPRINT)
Date of publication, distribution, etc 1983
300 ## - PHYSICAL DESCRIPTION
Extent 20+viii+60
300 ## - PHYSICAL DESCRIPTION
Dimensions C
300 ## - PHYSICAL DESCRIPTION
Accompanying material Paperback
530 ## - ADDITIONAL PHYSICAL FORM AVAILABLE NOTE
Uniform Resource Identifier <a href="000028688.pdf">000028688.pdf</a>
563 ## - BINDING INFORMATION
Binding note text
600 ## - SUBJECT ADDED ENTRY--PERSONAL NAME
Personal name shree jinbhadragani
630 ## - SUBJECT ADDED ENTRY--UNIFORM TITLE
Uniform title jeetkalp-sutra
650 ## - SUBJECT ADDED ENTRY--TOPICAL TERM
Topical term or geographic name as entry element Buddhism and Jainsm
650 ## - SUBJECT ADDED ENTRY--TOPICAL TERM
Topical term or geographic name as entry element jainism
700 ## - ADDED ENTRY--PERSONAL NAME
Personal name shree jinbhadragani
730 ## - ADDED ENTRY--UNIFORM TITLE
Uniform title jeetkalp-sutra
942 ## - ADDED ENTRY ELEMENTS (KOHA)
Koha item type Book

No items available.